La estrategia norteamericana de disuasión militar

Պահպանված է:
Մատենագիտական մանրամասներ
Ձևաչափ: Տեքստ
Հրապարակվել է: s.l.: s.e.
Ցուցիչներ: Ավելացրեք ցուցիչ
Չկան պիտակներ, Եղեք առաջինը, ով նշում է այս գրառումը!

MARC

LEADER 00000 a a2200000 04500
001 21618
003
040
090 |a 096100  
245 |a La estrategia norteamericana de disuasión militar  
260 |a s.l.:   |b s.e.  
300 |a 14 p.  
999 |c 8806  |d 8806